Kaupungit maittain #1 - Statistics

Yleistilastot
  • Tätä visaa on pelattu 1 228 kertaa
  • Keskiarvotulos 15 / 27
Vastaustilastot
Kaupunki Valtio % Oikein
Stuttgart Saksa
85%
Kioto Japani
83%
Bergen Norja
83%
Nikosia Kypros
80%
Porto Portugali
79%
Montevideo Uruguay
79%
Gdańsk Puola
78%
Odessa Ukraina
74%
Guadalajara Meksiko
62%
Darwin Australia
61%
Jedda Saudi-Arabia
61%
Jakutsk Venäjä
60%
Cagliari Italia
58%
Saskatoon Kanada
58%
Luxor Egypti
56%
Brno Tšekki
54%
Dakar Senegal
53%
Chennai Intia
50%
Haifa Israel
50%
Medellin Kolumbia
48%
Khartum Sudan
47%
Kalamáta Kreikka
39%
Durban Etelä-Afrikka
32%
Basra Irak
31%
San Bernardino Yhdysvallat
29%
Šīrāz Iran
26%
Camagüey Kuuba
11%
Ehtoja vastaavia visoja ei löytynyt
Tulosjakauma
Jokaisen tuloksen saaneiden osuus
Persentiili vastausten määrän mukaan
Tuloshistoriasi
Et ole pelannut tätä visaa